| 000 | 00448nam a2200157 4500 | ||
|---|---|---|---|
| 001 | 118098 | ||
| 003 | ES-MaACL | ||
| 005 | 20230906191029.0 | ||
| 007 | t| | ||
| 008 | 070214s1906 it r ||||1| ita d | ||
| 100 | 1 |
_aPellegrini, Battista. _990061 |
|
| 245 | 1 | 0 |
_aVerso la guerra? _b: il dissidio fra l'Italia e l'Austria / _cBattista Pellegrini. |
| 260 |
_aRoma : _bE.Vohera, _c1906. |
||
| 300 |
_a636 p. ; _c22 cm. |
||
| 852 |
_aES-MaACL _jF-8142 |
||
| 999 |
_c118098 _d118098 |
||